El Municipio y sus elementos esenciales : territorio, población y organización / José Mariano Benítez de Lugo territorio, población y organización / José Mariano Benítez de Lugo
ISBN:
84-398-6024-2
Descripción Física:
402 p. ; 22 cm
MARC
| LEADER | 00000nam a2200000Ia 4500 | ||
|---|---|---|---|
| 001 | 14407 | ||
| 008 | 160829s1986 (S.l. : Mateu Cromo) xx 000 0 cat d | ||
| 020 | |a 84-398-6024-2 | ||
| 080 | |a M-4-230 | ||
| 100 | |a Benítez de Lugo Guillén, José Mariano |9 23695 | ||
| 245 | |a El Municipio y sus elementos esenciales : |b territorio, población y organización / José Mariano Benítez de Lugo | ||
| 260 | |a Madrid : |b [s.n.], |c 1986 (S.l. : Mateu Cromo) | ||
| 300 | |a 402 p. ; |c 22 cm | ||
| 590 | |a A la coberta: Mancomunidad de Diputaciones | ||
| 650 | |a Municipis |x Govern i administració |x Espanya |9 23379 | ||
| 650 | 0 | |a Administració local |z Espanya |9 37433 | |
| 901 | |a Arxiu | ||
| 942 | |n 1 | ||
| 952 | |0 0 |1 0 |4 0 |6 M4230 |7 1 |9 42811 |a Arxiu |b Arxiu |d 2016-12-01 |l 0 |o M-4-230 |p 14407 |r 2016-12-01 00:00:00 |w 2016-12-01 |y ARXIU | ||
| 999 | |c 45317 |d 45317 | ||